000 00368pam a2200157a 44500
008 230515b2011 xxu||||| |||| 00| 0 eng d
020 _a9780070141094
041 _aENGLISH
082 _a0
100 _aNAGRATH I.J./SHARAN S.N.
245 _aSIGNALS AND SYSTEMS
250 _a2010
260 _aPUNE
_bTATA MC GRAW HILL
_c2011
300 _a635
650 _aNULL
999 _c607857
_d607857